Представление документа в формате MARC21

Поле Инд. ПП Название Значение
Тип записи a
Библиографический уровень b
001 Контрольный номер RU/IS/BASE/145380298
005 Дата корректировки 20221025144622.3
084 a Индекс другой классификации/Индекс ББК 65.245(2Рос); 65.9(2Рос)-94
097 00 a 750
100 10 a Автор Яременко Г. А.
q Полное имя Яременко Галина Анатольевна
245 00 a Заглавие Оплата труда: проблемы преодоления кризиса
504 00 a Библиография Примеч. - Лит.: с. 28-29
520 00 a Аннотация В статье рассматриваются последствия обесценивания рабочей силы, приведшего к расширению массовой бедности и усугублению кризисного спада в производстве, и настоятельность кардинальных мер законодательного регулирования по восстановлению обоснованного уровня оплаты труда и покупательной способности трудовых доходов. Приводится зарубежный опыт
650 04 a Основная рубрика оплата труда
a Основная рубрика экономика
a Основная рубрика экономика труда
653 00 a Ключевые слова государственная политика
a Ключевые слова заработная плата
a Ключевые слова индексация заработной платы
a Ключевые слова инфляция
a Ключевые слова материальное стимулирование труда
a Ключевые слова покупательная способность населения
a Ключевые слова прожиточный минимум
a Ключевые слова Россия
a Ключевые слова социально-экономическое развитие
773 00 t Заглавие источника Проблемы прогнозирования
d Дата издания источника 2000
g Прочая информация № 4. - С. 15 - 29 : стат. табл.
w Контрольный № источника RU/IS/BASE/142087671
901 t Тип документа b